00812nam a2200241Ia 450000500170000000800410001702000140005804000190007204100120009108200220010310000180012524501050014326000510024830000200029950400380031963000230035765000160038065100160039685000110041294200070042399900170043095201230044720230927093718.0131103s9999 xx 000 0 und d a520227042 aLoreto College aEnglish a294.5923bMAH-BUC aBuck, William aMahabharata cBy William Buck with an introduction by B.A. van Nooten. Illustrated by Shirley Triest aBerkeleybUniversity of California Pressc1973 axxii,417pb ill aIncludes notes, list of charaters aIndian Epic Poetry aMahabharata aEpic Poetry aLCLIB  cBK c19305d69784 00102ddc4070aMAINbMAINd2013-11-04l1o294.5923 MAH-BUC 46387pB20382r2014-08-27s2014-08-20w2013-11-04yBKf